| 000 | 00589cam a2200181 4500 | ||
|---|---|---|---|
| 082 | 0 | 0 |
_a954.5 _bHIS |
| 100 |
_aALLEN, WM _950459 |
||
| 245 | 0 | 0 | _aHistory of the Punjab and of the rise, progress & present condition of the sect and nation of the Sikhs. |
| 260 |
_aLONDON _bWm. H ALLEN AND CO _c1846 |
||
| 300 |
_avXII, 395 P; _c20 cm. |
||
| 500 | _aFirst published in 1846. | ||
| 526 |
_a0 _b0 _c0 _d954_500000000000000_HIS |
||
| 526 |
_a0 _b0 _c0 _d954_500000000000000_HIS |
||
| 650 | 0 |
_aMCE _9379 |
|
| 650 | 0 |
_aSikhs _xHistory. _950460 |
|
| 710 | 1 |
_aPunjab (India). _91175 |
|
| 942 |
_2ddc _cBK |
||
| 999 |
_c553196 _d553196 |
||